01656nam a2200409Ic 450000100060000000300100000600500170001600700030003300800410003602000180007704000350009504100080013008200140013810000400015224501350019225000430032726400370037030000180040733600270042533700330045233800280048550000790051352100380059253400360063065000690066665000450073565000620078065000490084265000750089165500260096665500400099270000300103270000260106294200120108899900170110095201290111758122CO-BoRNBP20250815223417.0ta180815s2017 sp a g 000 0 spa  a9788434419193 aCO-BoRNBPbspaerdacCO-BoRNBP aspa04a002bC17e aCasati, Roberto,d1961-eaut96249610aElogio del papel :bcontra el colonialismo digital /cRoberto Casati ; ilustraciones Franco Matticchio ; traductor Jorge Paredes. aPrimera ediciónbsegunda impresión 1aMadrid, España :bAriel,c2017 a223 páginas atextobtxt2rdacontent asin mediaciónbn2rdamedia avolumenbnc2rdacarrier aIncluye datos biográficos del autor biográficos del autor en la solapa aRecomendado para público adulto tContro il colonialismo digitale07aConservación y restauración de librosxhistoria2lemb96249704aEnsayos italianosysiglo xx2LEMB96249807aLibros y lecturavensayos, conferencias, etc2LEMB96249907aLibrosxhistoriavfotografías2LEMB96250007aTecnología y civilizaciónvensayos, conferencias, etc2lemb962501 aFotografías9324691 aEnsayos, conferencias, etc.9324677 aMatticchio, Franco962502 aParedes, Jorge962503 2ddccBK c58122d58122 00102ddc40708GENaMEMAPJGAbMEMAPJGAcGENd2025-08-15l0o002 C17epMPJG00542r2025-08-15 22:34:54tEj.1w2025-08-15yBK